000 00598nam a22001817a 4500
999 _c18643
_d18643
008 201126b xxu||||| |||| 00| 0 eng d
020 _a9780130313997
040 _aKABU
_cKABU
050 _aQA 76.575
_b.S74 2002 C.1
100 _aSteinmetz, Ralf.
245 _aMultimedia Fundamentals Volume 1:/
_bMedia coding and content processing.
_cRalf Steinmetz and klara Nahrstedt
260 _aUppper saddle River:
_bPrentice-Hall,
_c2002.
300 _axvi,274p.
650 _aMedia coding and content processing
650 _amultimedia system
700 _aNahrstedt, Klara.
942 _2lcc
_cBK